| 000 | 00742nam a22002172 4500 | ||
|---|---|---|---|
| 001 | 0000008898 | ||
| 005 | 20151217152043.0 | ||
| 008 | 080616s xx 000 0 eng d | ||
| 020 |
_a1412928175 : _cKES 3555 |
||
| 040 |
_aKABU _cKABU |
||
| 100 | 1 |
_aDeLaat, Jacqueline. _@0000159684 |
|
| 245 | 1 | 0 |
_aGender in the workplace : _ba case study approach / _c Jacqueline DeLaat. |
| 250 | _a2nd ed. | ||
| 260 |
_aLondon : _bSAGE, _c2007. |
||
| 300 | _axxvii, 109 p. | ||
| 650 | 0 |
_aSex discrimination in employment _xCase studies _zUnited States. _@0000159685 |
|
| 650 | 0 |
_aSex role in the work environment _xCase studies. _zUnited States. _@0000159686 |
|
| 908 | _a080616 | ||
| 950 | _@1 | ||
| 999 |
_c7758 _d7758 |
||